Politický princíp ad: Etnický princíp? (D. Šmihula, LT 18/2002)

Bibliographic Details
Main Author: Špaňo, Marek (Author)
Format: Article
Language:Slovak
ISSN:0862-5999
Subjects:

MARC

LEADER 00000nab a2200000 a 4500
001 vtls000805054
003 SK-MaSNL
005 20260302150622.0
008 140423c2002 xo 0 slo
015 |a SNBRB2002/09-27172 
035 |a CLN000156709 
040 |a SNKBUCL  |b slo  |c SNKBUCL  |e AACR2 
041 0 |a slo 
044 |a xo  |c SK 
080 |a 323.113(=945.11)(437.6)  |2 1997 
080 |a 329.17(437.6=945.11)  |2 1997 
100 1 |a Špaňo, Marek  |4 aut  |9 840662 
245 1 0 |a Politický princíp  |b ad: Etnický princíp? (D. Šmihula, LT 18/2002)  |c Marek Špaňo 
650 0 7 |a Maďari  |z Slovensko  |x nacionalizmus politický  |2 snkbucl  |9 840663 
650 0 7 |a strany politické maďarské  |z Slovensko  |x nacionalizmus  |2 snkbucl  |9 840664 
655 7 |a články z novín a časopisov  |2 snkbucl  |9 267496 
773 0 |t Literárny týždenník  |g Roč. 15, č. 24 (2002), s. 4  |x 0862-5999 
850 |a Slovenská národná knižnica v Martine 
852 |a SNK  |b KIS3GCP 
958 |a HU 
958 |a SK 
992 |a RBX 
999 |c 1357721  |d 1359651